Every Frank Ocean Song - Statistics

General Stats
  • This quiz has been taken 183 times
    172 since last reset
  • The average score is 36 of 95
Answer Stats
% Correct
2 Ivy
84%
3 Pink + White
84%
1 Nikes
81%
6 White
79%
12 White
79%
9 Nights
78%
10 Pyramids
78%
3 novacane
75%
14 White Ferrari
75%
2 Thinkin Bout You
71%
11 Lost
70%
5 Solo
68%
7 Super Rich Kids
68%
15 Pink Matter
66%
16 Godspeed
65%
1 Chanel
64%
15 Seigfried
64%
7 Self Control
64%
8 In My Room
62%
2 Biking
60%
4 Sierra Leone
60%
7 DHL
58%
17 End
58%
12 Facebook Story
58%
17 Futura Free
58%
10 swim good
58%
1 Start
57%
14 Bad Religion
56%
16 Forrest Gump
56%
4 Be Yourself
55%
6 Skyline To
55%
9 Crack Rock
53%
3 Fertilizer
53%
8 Good Guy
53%
13 Monks
53%
10 Solo (Reprise)
53%
5 Sweet Life
53%
10 Cayendo
51%
13 Close to You
51%
8 Pilot Jones
51%
11 Pretty Sweet
51%
9 Dear April
47%
6 Moon River
47%
12 american wedding
42%
2 strawberry swing
42%
5 Provider
40%
3 Lens
39%
6 Not Just Money
39%
6 songs for women
32%
4 we all try
29%
19 Higgs
27%
17 Rushes
26%
1 street fighter
26%
9 there will be tears
26%
Bonus Golden Girl
25%
14 nature feels
25%
5 bitches talkin'
23%
11 dust
22%
18 Rushes To
22%
3 Alabama
21%
7 lovecrimes
21%
14 Wise Man
20%
2 (At Your Best) You Are Love
19%
15 Florida
19%
8 goldeneye
19%
7 Comme des Garcons
18%
5 U-N-I-T-Y
18%
4 Biking (Solo)
17%
10 Wither
17%
13 Slide on Me
15%
5 Voodoo
15%
4 Mine
13%
14 Sideways
13%
4 Bedtime Story
12%
1 Device Control
12%
21 Device Control
12%
11 Hublots
12%
20 Mitsubishi Sony
12%
13 soul calibur
12%
12 In Here Somewhere
11%
8 Xenons
9%
9 Acura Integurl
8%
12 Pyrite (Fool's Gold)
8%
1 Rocket Love
8%
11 Little Demon
7%
10 Analog 2
6%
16 Impietas/Deathwish (ASR)
6%
8 4 Tears
5%
3 Heartbreak & Jet Lag
5%
7 No Love
5%
13 Scared of Beautiful
5%
2 Time Machine
5%
11 Whip Appeal
5%
6 Ambience 001: A Certain Way
3%
9 Ambience 002: Honey Baby
3%
No matching quizzes found
Score Distribution
Percent of People with Each Score
Percentile by Number Answered
Your Score History
You have not taken this quiz since the last reset